ბათუმის შოთა რუსთაველის სახელმწიფო უნივერსიტეტის ბიბლიოთეკა

ლოცვის მასწავლებელი / (ბიბ.ჩანაწერი № 52876)

000 -ლიდერი
ფიქსირებული სიგრძის საკონტროლო ველი 01417nam a2200277Ia 4500
001 - საკონტროლო ნომერი
საკონტროლო ველი 19906
003 - საკონტროლო ნომრის იდენტიფიკატორი
საკონტროლო ველი GE_BSU
005 - ბოლო ოპერაციის თარიღი და დრო
საკონტროლო ველი 20200508181414.0
008 - ფიქსირებული სიგრძის მონაცემთა ელემენტები - ზოგადი ინფორმაცია
ფიქსირებული სიგრძის საკონტროლო ველი 181216s2016||||ge |||||||||||||| ||geo||
020 ## - წიგნის საერთაშორისო სტანდარტული ნომერი
International Standard Book Number 9789941044588
040 ## - კატალოგიზაციის წყარო
Transcribing agency GE_BSU
041 ## - ენის კოდი
Language code of text/sound track or separate title geo
080 ## - უნივერსალური ათობითი კლასიფიკაციის ინდექსი
Universal Decimal Classification number 28-534.3 ლ-87
245 ## - ცნობა სათაურის შესახებ
Title ლოცვის მასწავლებელი /
Statement of responsibility, etc მთავ. რედ. ზ. მიქელაძე ; თეოლოგ. რედ. გ. გოგიტიძე.
250 ## - გამოცემის ცნობა
Edition statement 3-ე გამოცემა
264 ## - წარმოების, გამოცემის, დისტრიბუციის და სხვა ცნობები
გამოცემის, წარმოების, დისტრიბუციის... ადგილი ბათუმი :
გამოცემის, წარმოების, დისტრიბუციის... სახელწოდება ერქამი,
გამოცემის, წარმოების, დისტრიბუციის... თარიღი 2016.
300 ## - ფიზიკური აღწერა
Extent 87 გვ. :
Other physical details ილ. ;
Dimensions 17 სმ.
520 ## - SUMMARY, ETC.
Summary, etc წიგნი გამოცემულია საქართველოს ახალგაზრდებზე დახმარების ასოციაციის მიერ, სრულიად საქართველოს მუსლიმთა სამმართველოს ინიციატივით.
653 ## - INDEX TERM--UNCONTROLLED
Uncontrolled term ისლამი
653 ## - INDEX TERM--UNCONTROLLED
Uncontrolled term ლოცვის მასწავლებელი
653 ## - INDEX TERM--UNCONTROLLED
Uncontrolled term რელიგია
700 ## - ADDED ENTRY--PERSONAL NAME
Personal name მიქელაძე, ზ.
Relator term მთავარი რედაქტორი
9 (RLIN) 8018
700 ## - ADDED ENTRY--PERSONAL NAME
Personal name გოგიტიძე, გ.
Relator term თეოლოგიური რედაქტორი
9 (RLIN) 8019
942 ## - ADDED ENTRY ELEMENTS (KOHA)
Koha item type წიგნი
Source of classification or shelving scheme
ეგზემპლარები
ჩამოწერის სტატუსი დაკარგული ეგზემპლარის სტატუსი კლასიფიკაციის წყარო ან თაროზე გაწყობის სქემა დაზიანების სტატუსი არ გაიცემა მუდმივი მდებარეობა (დაცვის ადგილი) ამჟამინდელი ადგილსამყოფელი თაროზე განთავსების ადგილი შეძენის თარიღი ღირებულება, შესყიდვის ნორმალური ფასი სრული შენახვის შიფრი შტრიხკოდი ბოლო ოპერაციის თარიღი ეგზემპლარის მიმდევრობითი ნომერი (კეტერი?) ფასის ძალაში შესვლის თარიღი ეგზემპლარის სახეობა საჯარო შენიშვნა
          ბათუმის შოთა რუსთაველის სახელმწიფო უნივერსიტეტის მთავარი ბიბლიოთეკა ბათუმის შოთა რუსთაველის სახელმწიფო უნივერსიტეტის მთავარი ბიბლიოთეკა წიგნსაცავი 2018-12-17 3.00 28-534.3 ლ-87 52384 2018-12-17 52384 2018-12-17 წიგნი 3.00 ლ.
          ბათუმის შოთა რუსთაველის სახელმწიფო უნივერსიტეტის მთავარი ბიბლიოთეკა ბათუმის შოთა რუსთაველის სახელმწიფო უნივერსიტეტის მთავარი ბიბლიოთეკა წიგნსაცავი 2018-12-17 3.00 28-534.3 ლ-87 52385 2018-12-17 52385 2018-12-17 წიგნი 3.00 ლ.
          ბათუმის შოთა რუსთაველის სახელმწიფო უნივერსიტეტის მთავარი ბიბლიოთეკა ბათუმის შოთა რუსთაველის სახელმწიფო უნივერსიტეტის მთავარი ბიბლიოთეკა წიგნსაცავი 2018-12-17 3.00 28-534.3 ლ-87 52386 2018-12-17 52386 2018-12-17 წიგნი 3.00 ლ